Statistieken voor Zeeland Trivia Quiz

Klik hier om de quiz te nemen!

Algemene statistieken

  • Deze quiz is 556 keer genomen
  • De gemiddelde score is 13 van 20

Antwoordstatistieken

HintAntwoord% Correct
HoofdstadMiddelburg
97%
Aangrenzende Nederlandse provinciesZuid-Holland
96%
Aangrenzende Nederlandse provinciesNoord-Brabant
95%
Ramp die voornamelijk Zeeland in 1953 trof{Watersnood}ramp
90%
Grootste plaatsen na de hoofdstadVlissingen
79%
Grootste plaatsen na de hoofdstadGoes
76%
Installaties die gebouwd zijn om dergelijke rampen te voorkomenDeltawerken
75%
Grootste plaatsen na de hoofdstadTerneuzen
72%
Deel van Zeeland dat alleen aan België vast zitZeeuws-Vlaanderen
70%
Zeeuws zoet gesuikerd broodjeZeeuwse {bolus}
62%
(Schier)eilanden van ZeelandSchouwen-Duiveland
55%
(Schier)eilanden van ZeelandWalcheren | Zuid-Beveland
53%
6600m lange tunnel die bovenstaand deel met de rest van Zeeland verbindt, de langste tunnel van Nederland{Westerschelde}tunnel
51%
Grootste plaatsen na de hoofdstadZierikzee
51%
Brug over de Oosterschelde, 7 jaar lang de langste in Europa{Zeeland}brug
50%
Traditioneel Zeeuws snoep gemaakt van boter, suiker, azijn, water en zoutBoterbabbelaar
48%
(Schier)eilanden van ZeelandNoord-Beveland
45%
(Schier)eilanden van ZeelandTholen
44%
Stadje met een gigantische kathedraal, gelegen aan een meer vernoemd naar deze stadVeere
43%
Traditie die jaarlijks in augustus in het centrum van de hoofdstad te paard wordt beoefendRingsteken
33%

Scoreverdeling

Percentiel versus Aantal Correcte Antwoorden

Procent van Mensen met Elke Score

Uw Scoregeschiedenis

U heeft deze quiz nog niet genomen